Tour de France 2023 - Top 30 au classement général - Statistiques

Statistiques générales
  • Ce quiz a été pris 157 fois
  • Le résultat moyen est 20 sur 30
Statistiques - réponses
# Coureur Équipe Temps % Correct
1 Jonas Vingegaard Team Jumbo-Visma 82:05:42h
99%
2 Tadej Pogačar UAE Team Emirates +7:29m
99%
3 Adam Yates UAE Team Emirates +10:56m
98%
4 Simon Yates Team Jayco-AlUla +12:23m
98%
9 David Gaudu Groupama-FDJ +23:08m
96%
10 Guillaume Martin Cofidis +26:30m
95%
11 Thibaut Pinot Groupama-FDJ +28:03m
94%
5 Carlos Rodriguez Ineos Grenadiers +13:17m
91%
12 Sepp Kuss Team Jumbo-Visma +37:32m
90%
8 Felix Gall AG2R Citroën Team +16:09m
87%
7 Jai Hindley BORA-hansgrohe +14:44m
80%
6 Pello Bilbao Bahrain Victorious +13:27m
79%
20 Valentin Madouas Groupama-FDJ +1:14:10h
79%
22 Warren Barguil Team Arkéa-Samsic +1:17:06h
78%
17 Ben O‘Connor AG2R Citroën Team +1:04:59h
72%
13 Thomas Pidcock Ineos Grenadiers +47:52m
70%
14 Rafal Majka UAE Team Emirates +56:09m
67%
19 Mikel Landa Bahrain Victorious +1:12:41h
64%
18 Wilco Kelderman Team Jumbo-Visma +1:06:46h
52%
24 Tiesj Benoot Team Jumbo-Visma +1:46:55h
49%
27 Wout Poels Bahrain Victorious +2:05:44h
48%
16 Chris Harper Team Jayco- AlUla +57:29m
47%
21 Emanuel Buchmann BORA-hansgrohe +1:15:44h
47%
15 Jonathan Castroviejo Ineos Grenadiers +56:37m
44%
30 Tobias Johannessen Uno-X Pro Cycling Team +2:15:33h
43%
29 Mattias Skjelmose Jensen Lidl-Trek +2:15:27h
36%
23 Felix Großschartner UAE Team Emirates +1:45:21h
34%
25 Clément Berthet AG2R Citroën Team +1:50:19h
30%
28 Jack Haig Bahrain Victorious +2:10:32h
27%
26 Bob Jungels BORA-hansgrohe +1:58:46h
22%
Aucun quiz correspondant
Distribution des résultats
% des personnes avec chaque résultat
Percentile par nombre de réponses
Votre historique - résultats
Vous n’avez pas pris ce quiz